Filip Melanchthon (1497-1560)

Bibliographic Details
Main Author: dk (Author)
Format: Article
Language:Slovak
Subjects:

MARC

LEADER 00000nab a2200000 a 4500
001 vtls000496691
003 SK-MaSNL
005 20260304012530.0
008 230120c1993 xo 0 slo
015 |a SNBRB19rr/mm-uuuuu 
035 |a CL0496829 
035 |a urn:nbn:sk:snk-abeoqb 
035 |a (urnnbn)urn:nbn:sk:snk:ar-a08s9r 
035 |a (uuid)aadbc78d-4f06-4df4-b650-28a91e9b831a 
040 |a SNKBUCL  |b slo  |c SNKBUCL  |e AACR2 
041 0 |a slo 
044 |a xo  |c SK 
080 |a 284.1-051(438)  |2 1981 
080 |a 929 Melanchthon, Filip  |2 1981 
100 1 |a dk  |4 aut  |9 809269 
245 1 0 |a Filip Melanchthon (1497-1560)  |c DK 
600 1 7 |a Melanchthon, Philipp,  |d 1497-1560  |2 snkbucl  |9 42142 
655 7 |a články z novín a časopisov  |2 snkbucl  |9 267496 
773 0 |t Cirkevné listy  |g Roč. 106, č. 10 (1993), s. 4 na kuléri 
850 |a Slovenská národná knižnica v Martine  |a MTA001 
852 |a SNK  |b KIS3GCP 
954 |a odborná, vedecká literatúra pôvodná (slovenská)  |2 lita 
958 |a RK 
958 |a BC 
958 |a OND 
958 |a EUIPO 
958 |a article27 
992 |a RBX 
999 |c 2571925  |d 2573855